Les 10 pays qui mange le plus de fromage - Statistiques

Statistiques générales
  • Ce quiz a été pris 2 858 fois
  • Le résultat moyen est 6 sur 10
Statistiques - réponses
Consommation (kg) Pays % Correct
27.2 France
100%
21.5 Italie
92%
24.7 Allemagne
85%
22.2 Suisse
84%
21.6 Pays-Bas
65%
21.1 Autriche
52%
28.1 Danemark
44%
27.3 Finlande
44%
27.7 Islande
32%
26.7 Chypre
7%
Aucun quiz correspondant
Distribution des résultats
% des personnes avec chaque résultat
Percentile par nombre de réponses
Votre historique - résultats
Vous n’avez pas pris ce quiz